|
|
|
|
| LEADER |
00000nam a2200000 a 4500 |
| 001 |
vtls008935416 |
| 003 |
SK-MaSNL |
| 005 |
20260301022810.0 |
| 008 |
160114s2006 xo o g 100 1 slo |
| 015 |
|
|
|a SNBA2007/03-00751
|
| 020 |
|
|
|a 8085577151 (brož.)
|
| 035 |
|
|
|a F9E8CA38-C94C-4AA3-801C-73AB720A5212
|
| 035 |
|
|
|a urn:nbn:sk:snk-amk45e
|
| 035 |
|
|
|a urn:nbn:sk:snk-am0056h7
|
| 040 |
|
|
|a SNK
|b slo
|c SNK
|e AACR2
|
| 041 |
0 |
|
|a slo
|
| 043 |
|
|
|a e-xo---
|
| 044 |
|
|
|a xo
|c SK
|
| 072 |
|
7 |
|a 82:06
|x Literárne organizácie, súťaže
|2 konspekt
|
| 080 |
|
|
|a 82:7.092
|2 2001
|
| 080 |
|
|
|a 808.1-053.2
|2 2001
|
| 080 |
|
|
|a (082)
|2 2001
|
| 111 |
2 |
|
|a Škultétyho rečňovanky
|n (15. :
|d 2006 :
|c Veľký Krtíš, Slovensko)
|9 98464
|
| 245 |
1 |
0 |
|a Škultétyho rečňovanky
|b zborník ocenených prác XV. ročníka celoslovenskej súťaže vo vlastnej literárnej tvorbe
|c [zostavila: Danka Šagiová]
|
| 250 |
|
|
|a 1. vyd.
|
| 260 |
|
|
|a Vo Veľkom Krtíše
|b Hontiansko-novohradská knižnica A. H. Škultétyho
|b Banskobystrický samosprávny kraj
|c 2006
|
| 300 |
|
|
|a 97 s.
|b fotogr.
|c 21 cm
|
| 366 |
|
|
|e 100 výtl.
|
| 500 |
|
|
|a Fotogr. na tit. strane
|
| 650 |
0 |
7 |
|a literárne súťaže
|2 SNKPH
|9 4275
|
| 650 |
0 |
7 |
|a literárne práce detí a mládeže
|2 SNKPH
|9 4106
|
| 655 |
|
7 |
|a zborníky
|2 SNKPH
|9 70165
|
| 700 |
1 |
|
|a Šagiová, Danka,
|d 1964-
|4 com
|9 92284
|
| 919 |
|
|
|a 80-85577-15-1
|
| 958 |
|
|
|a OND
|
| 968 |
|
|
|d 82
|
| 999 |
|
|
|c 567960
|d 569890
|
| 952 |
|
|
|a SNK
|b SNK
|y PREZ
|7 0
|p 17A0533021
|o snkSC 126238
|i snk2007/1232
|8 0
|0 0
|1 0
|4 0
|d 2007-01-15
|f 1
|l 0
|r 2025-06-11 00:00:00
|w 2026-02-23
|